000 00809nam a2200229 i 4500
999 _c129733
_d129733
001 872092
003 ARRUPE
005 20190820112759.0
008 791203s1956 za b 000 0ceng
010 _a 79320135
040 _aDLC
_cDLC
_dDLC
043 _af-za---
050 0 0 _aCT2006
_b.S25
082 0 0 _a968.9/4/00992
100 1 _aSampson, Richard,
_d1922-
_947877
245 1 0 _aThey came to Northern Rhodesia :
_bbeing a record of persons who had entered what is now the Territory of Northern Rhodesia by 31st December, 1902 /
_ccompiled by Richard Sampson.
260 _aLusaka :
_bGovt. Printer,
_c1956.
300 _axiv, 49 p. ;
_c22 cm.
504 _aBibliography: p. 38-45.
651 0 _aZambia
_xBiography.
_947878
906 _a7
_bcbc
_corignew
_d4
_encip
_f19
_gy-gencatlg
942 _2lcc
_cMONOGRAPH